| 000 | 00592nam a22001817a 4500 | ||
|---|---|---|---|
| 005 | 20231115161536.0 | ||
| 010 | _aENG-135212 | ||
| 020 |
_c1000.00 _a978-93-8651-565-0 |
||
| 035 | _aEN-118744 | ||
| 037 | _bDBAD/PUB | ||
| 082 | _2342.54 | ||
| 100 |
_aBasu, Durga Das _958735 |
||
| 245 |
_aCommentary on the Constitution of India/ _cBy Durga Das Basu |
||
| 260 |
_aHaryana _bLexis Nexis _c2018 |
||
| 270 |
_bHaryana _a14th Floor, Building No.10, Tower-B, DLF Cyber City, Phase-II, Gurgaon _e122002 |
||
| 300 |
_a13552p. _c22cm(hbk) _bIndex |
||
| 942 |
_2ddc _cEN _h342.54 _mDUR |
||
| 999 |
_c192590 _d192590 |
||